| 000 | 01187nam a2200313 i 4500 | ||
|---|---|---|---|
| 001 | 000011153 | ||
| 003 | DO-SdBNP | ||
| 005 | 20250717140041.0 | ||
| 007 | ta | ||
| 008 | 091014s1998 dr a r 001 p spa d | ||
| 040 |
_aDO-SdBNP _bspa _cBNPHU _erda |
||
| 041 | _aspa | ||
| 082 | 4 |
_aRD861.44 _bR466v 1998 _222 |
|
| 100 | 1 |
_aReynoso de Abud, Ana Silvia _eautor _4aut. _925318 |
|
| 245 | 1 | 0 |
_aVersos simples para cantarle a la patria : _bsegundo cuaderno / _cAna Silvia Reynoso de Abud ; prólogo León David. |
| 264 |
_aSanto Domingo, República Dominicana : _bComisión Permanente de Efemérides Patrias, _c1998. |
||
| 300 |
_a61 páginas : _bilustraciones ; _c26 cm. |
||
| 336 |
_atexto _btxt _2rdacontent |
||
| 337 |
_asin mediación _bn _2rdamedia |
||
| 338 |
_avolumen _bnc _2rdacarrier |
||
| 590 | _aInventariado, 2018/BT | ||
| 650 | 4 |
_aPoesía patriótica dominicana _92762 |
|
| 650 | 0 |
_aPoesía dominicana _966 |
|
| 650 | 0 |
_aLiteratura dominicana. _967 |
|
| 700 | 1 |
_aLeón David, _d1945- _eprologuista _984930 _4pr. |
|
| 710 | 1 |
_aRepública Dominicana _bComisión Permanente de Efemérides Patria _945309 |
|
| 910 | _aValidado. Control de calidad. MMOLINA | ||
| 942 |
_2ddc _cLBS1 |
||
| 999 |
_c10878 _d10878 |
||